[Event "DEN-ch Seniors 65"]
[Site "Randers"]
[Date "2015.02.11"]
[Round "5"]
[White "Jensen, Ruben"]
[Black "Nielsen, Poul Ehlers"]
[Result "0-1"]
[WhiteElo "1225"]
[BlackElo "1366"]
[PlyCount "71"]
[EventDate "2015.02.07"]
[EventType "swiss"]
[EventRounds "7"]
[EventCountry "DEN"]
[SourceTitle "EXT 2016"]
[Source "ChessBase"]
[SourceDate "2015.10.08"]
[SourceVersion "1"]
[SourceVersionDate "2015.10.08"]
[SourceQuality "1"]

1. e4 e5 2. Nf3 Nc6 3. Bc4 h6 4. 0-0 Bc5 5. Nc3 Nf6 6. Re1 d6 7. h3 g5 8. Na4 Bb6 9. Nxb6 axb6 10. d4 Na5 11. dxe5 Nxc4 12. exf6 Qxf6 13. Qd3 Ne5 14. Nxe5 Qxe5 15. a3 h5 16. Rb1 h4 17. b4 g4 18. Bb2 Qh5 19. Bxh8 Qxh8 20. Re3 Be6 21. Rbe1 gxh3 22. gxh3 Qg7+ 23. Kf1 0-0-0 24. a4 Rg8 25. a5 bxa5 26. bxa5 Qe5 27. a6 b5 28. Rb1 Bc4 29. Qxc4 bxc4 30. a7 Kd7 31. Rb8 Qa1+ 32. Re1 Rg1+ 33. Kxg1 Qxa7 34. Rbb1 Qd4 35. e5 d5 36. Rbd1 0-1